| 000 | 00680nam a22002177i 4500 | ||
|---|---|---|---|
| 999 |
_c8623 _d8623 |
||
| 003 | URS | ||
| 005 | 20220114153435.0 | ||
| 008 | 180104b xxu||||| |||| 00| 0 eng d | ||
| 040 |
_erda _cURSP-College Library _beng |
||
| 050 |
_bP39 1986 _aDS686.62 |
||
| 082 |
_a959.9046 _bP39 1986 |
||
| 245 |
_aPeople Power: the Philippine Revolution of 1986 _bAn Eyewitness History |
||
| 264 | 1 |
_aManila: _bThe James B. Reuter, S,J., Foundation, _c1986. |
|
| 300 |
_av, 320 pages; _c28cm. |
||
| 336 |
_atext _btxt _2rdacontent |
||
| 337 |
_aunmediated _bn _2rdamedia |
||
| 338 |
_avolume _bnc _2rdacarrier |
||
| 600 | 0 | _aMercado, Monina Allarey | |
| 650 | 0 |
_aHistory _zPhilippines |
|
| 942 |
_2ddc _cF |
||